V živote vyhrávajú kompetentní

O úspechu a konkurencieschopnosti firmy rozhodujú ľudia. Veľmi dôležité sú interné vzdelávacie systémy.

Guardado en:
Detalles Bibliográficos
Autor principal: Chačaturianová, Ivica
Formato: Capítulo de libro
Lenguaje:eslovaco
Materias:
Etiquetas: Agregar Etiqueta
Sin Etiquetas, Sea el primero en etiquetar este registro!

MARC

LEADER 00000naa a2200000 4500
001 0217011
005 20231113105325.1
041 0 |a slo 
044 |a SK 
245 1 0 |a V živote vyhrávajú kompetentní  |c Ivica Chačaturianová 
520 |a O úspechu a konkurencieschopnosti firmy rozhodujú ľudia. Veľmi dôležité sú interné vzdelávacie systémy. 
610 2 0 |a kompetencie manažérske 
610 2 0 |a systémy znalostné 
610 2 0 |a vzdelávanie 
610 2 0 |a firmy 
610 2 0 |a konkurencia 
610 2 0 |a kvalifikácia 
100 1 |a Chačaturianová, Ivica